000 00692nam a2200241 a 4500
001 14222
003 BD-JhCC
005 20250213105003.0
008 250209b20052014E a|||| ||a| 000 0 eng d
020 _a0385512058
035 _a(BD-JhCC)14222
040 _aBD-JhCC
_dBD-JhCC
041 _aenglish
082 _a650.1
_bFER 2014
100 _a Ferrazzi ,Keith
245 _aNever eat alone :
_band other secrets to success, one relationship at a time /
_cKeith Ferrazzi , Tahl Raz.
260 _aLondon:
_bPortfolio Penguin;
_c2014.
300 _a309 p .
_c21 cm.
650 _aBusiness networks
_yInterpersonal relations
700 _a Raz , Tahl
942 _2ddc
_cBK
999 _c14222
_d14222